Europa y la expansión del mundo: 1415-1715
Guardat en:
| Autor principal: | |
|---|---|
| Format: | Llibre |
| Idioma: | espanyol |
| Publicat: |
Ciudad de México
Fondo de Cultura Económica
1968
|
| Edició: | 3a. ed |
| Col·lecció: | Breviarios del Fondo de Cultura Económica, 60
|
| Matèries: | |
| Etiquetes: |
Afegir etiqueta
Sense etiquetes, Sigues el primer a etiquetar aquest registre!
|
MARC
| LEADER | 00000nam a2200000 a 4500 | ||
|---|---|---|---|
| 001 | UCP5490 | ||
| 003 | CL-VaPUC | ||
| 008 | 990910e19680000MX |||||||||||||||||spa|d | ||
| 082 | 0 | 4 | |a 940.2 |b PAR |2 21 |
| 100 | |a Parry, John H. |e autor |9 433934 | ||
| 245 | 1 | 0 | |a Europa y la expansión del mundo: 1415-1715 |
| 250 | |a 3a. ed | ||
| 300 | |a 235 p | ||
| 942 | |c BK | ||
| 945 | |d 19990910 00:00:00 |a lriquelm | ||
| 260 | |a Ciudad de México |b Fondo de Cultura Económica |c 1968 | ||
| 650 | 7 | |a HISTORIA DE EUROPA SIGLOS 15-18 |2 CL-VaPUC |9 433672 | |
| 650 | 0 | |a Conquista española |9 267777 | |
| 650 | 0 | |a Comercio |9 255341 | |
| 650 | 0 | |a Trata de esclavos |9 433673 | |
| 650 | 7 | |a COLONIAS INGLESAS |2 CL-VaPUC |9 433674 | |
| 651 | 0 | |a Europa |9 255156 | |
| 651 | 0 | |a América |9 255182 | |
| 583 | |a last modification |c 20160810 05:47:17 |k Rodrigo Vera | ||
| 490 | 0 | |a Breviarios del Fondo de Cultura Económica, 60 | |
| 999 | |c 283235 |d 283233 | ||
| 952 | |0 0 |1 0 |4 0 |6 940_200000000000000_PAR_1968 |7 0 |8 A |9 326143 |a BIBHIS |b BIBHIS |d 2019-11-20 |i 1369652 |o 940.2 PAR 1968 |p 1369652 |r 2025-01-20 |w 2019-11-20 |y BK |k HIS | ||
| 952 | |0 0 |1 0 |4 0 |6 940_200000000000000_PAR_1968 |7 0 |8 A |9 326144 |a BIBHIS |b BIBHIS |d 2019-11-20 |i 4159497 |o 940.2 PAR 1968 |p 4159497 |r 2025-01-20 |w 2019-11-20 |y BK |k HIS | ||